| 000 | 01354nam a2200313Ia 4500 | ||
|---|---|---|---|
| 001 | ebr10083759 | ||
| 003 | CaPaEBR | ||
| 006 | m u | ||
| 007 | cr cn||||||||| | ||
| 008 | 040504s2003 si a sb 001 0 eng d | ||
| 020 | _z9812384065 | ||
| 040 |
_aCaPaEBR _cCaPaEBR |
||
| 035 | _a(OCoLC)559878562 | ||
| 050 | 1 | 4 |
_aQA871 _b.S39 2003eb |
| 100 | 1 | _aSeyranian, Alexander P. | |
| 245 | 1 | 0 |
_aMultiparameter stability theory with mechanical applications _h[electronic resource] / _cA.P. Seyranian, A.A. Mailybaev. |
| 260 |
_aSingapore ; _aRiver Edge, NJ : _bWorld Scientific, _cc2003. |
||
| 300 |
_axvi, 403 p. : _bill. |
||
| 490 | 1 |
_aSeries on stability, vibration, and control of systems. Series A ; _vv. 13 |
|
| 504 | _aIncludes bibliographical references (p. 391-399) and index. | ||
| 533 |
_aElectronic reproduction. _bPalo Alto, Calif. : _cebrary, _d2009. _nAvailable via World Wide Web. _nAccess may be limited to ebrary affiliated libraries. |
||
| 650 | 0 | _aStability. | |
| 650 | 0 | _aStructural stability. | |
| 655 | 7 |
_aElectronic books. _2local |
|
| 700 | 1 | _aMailybaev, Alexei A. | |
| 710 | 2 | _aebrary, Inc. | |
| 830 | 0 |
_aSeries on stability, vibration, and control of systems. _nSeries A ; _vv. 13. |
|
| 856 | 4 | 0 |
_uhttp://site.ebrary.com/lib/rucke/Doc?id=10083759 _zAn electronic book accessible through the World Wide Web; click to view |
| 999 |
_c55994 _d55994 |
||